000 00599nam a2200181Ia 4500
008 090124s9999 xx 000 0 und d
082 _b4679
_a215
100 _aजोशी शं. न. (शंकर नरहर)
245 _a आख्यान-समुच्चय
250 _a1
260 _c1932
300 _a98
600 _aजोशी शं. न. (शंकर नरहर)
630 _a आख्यान-समुच्चय
700 _aजोशी शं. न. (शंकर नरहर)
730 _a आख्यान-समुच्चय
942 _cBOOK
999 _c118620
_d118620